000 00794nas a2200265 4500
001 BR2012007921
003 BR-BrBNA
005 20231205121337.0
007 ta
008 230509b bl.|||p| |||| 00| 00por d
040 _aBR-BrBNA
_bpor
_cBiblioteca Nacional de Agricultura
041 _a(Pt)
072 _aK50; E70
100 1 _aVieira, M.C.
100 1 _aBrito, E.O.
100 1 _aGonçalves, F.G.
245 1 _aEvolução econômica do painel compensado no Brasil e no mundo
650 _aCOMPENSADO
650 _aANÁLISE ECONÔMICA
650 _aCOMÉRCIO EXTERIOR
650 _aEXPORTAÇÃO
773 0 _tFloresta e Ambiente (Brazil)
_xISSN 1415-0980
_g(Jul-Sep 2012), v. 19(3) p. 277-285
_wBR2012007921
909 _a202311
_bLúcia
_c55
_dLúcia Elande
942 _2AGRIS
_n0
_cANA
999 _c223053
_d223053